000 00182 a2200097 4500
020 _a9781416906377
041 _aeng
100 _aKadohata, cynthia
245 _aCracker
942 _cBK
999 _c11335
_d11335